[Event "Philadelphia op 12th"]
[Site "Philadelphia"]
[Date "2018.03.31"]
[Round "7"]
[White "Sevian, Samuel"]
[Black "Pedersen, Christian Kyndel"]
[Result "0-1"]
[WhiteElo "2619"]
[BlackElo "2405"]
[PlyCount "110"]
[EventDate "2018.03.28"]
[EventType "swiss"]
[EventRounds "9"]
[EventCountry "USA"]
[SourceTitle "CBM 183 Extra"]
[Source "ChessBase"]
[SourceDate "2018.04.19"]
[SourceVersion "1"]
[SourceVersionDate "2018.04.19"]
[SourceQuality "1"]

1. e4 c5 2. Nf3 d6 3. d4 cxd4 4. Nxd4 Nf6 5. Nc3 a6 6. h3 e6 7. g4 h6 8. Bg2 Nc6 9. Be3 Be7 10. 0-0 0-0 11. f4 Nd7 12. Nb3 Rb8 13. a4 Na5 14. Nxa5 Qxa5 15. Qd2 Qc7 16. Bf2 Nb6 17. h4 Nc4 18. Qc1 b5 19. axb5 axb5 20. g5 hxg5 21. hxg5 b4 22. Ne2 g6 23. Ng3 Bb7 24. b3 Nb6 25. Ra7 d5 26. Bd4 Bc5 27. Qe3 Rfc8 28. Ne2 dxe4 29. Bxc5 Qxc5 30. Qxc5 Rxc5 31. Nd4 Nc8 32. Ra4 Bd5 33. Ra6 Ne7 34. Ra7 Nf5 35. Nxf5 gxf5 36. Rf2 Rbc8 37. Ra2 Kg7 38. Bf1 Rc3 39. Rh2 Rg3+ 40. Rg2 Rf3 41. Ra4 Rb8 42. Rf2 e3 43. Rxf3 Bxf3 44. Ra1 e2 45. Bg2 Bxg2 46. Kxg2 Rd8 47. Re1 Rd2 48. Kf2 Rxc2 49. Ra1 Rb2 50. Ra7 Rxb3 51. Kxe2 Rb1 52. Kd2 b3 53. Kc3 b2 54. Rb7 Rf1 55. Rxb2 Rxf4 0-1

[Event "Philadelphia op 12th"]
[Site "Philadelphia"]
[Date "2018.03.30"]
[Round "5"]
[White "Pedersen, Christian Kyndel"]
[Black "Katz, Alexander R"]
[Result "1-0"]
[WhiteElo "2405"]
[BlackElo "2347"]
[PlyCount "99"]
[EventDate "2018.03.28"]
[EventType "swiss"]
[EventRounds "9"]
[EventCountry "USA"]
[SourceTitle "CBM 183 Extra"]
[Source "ChessBase"]
[SourceDate "2018.04.19"]
[SourceVersion "1"]
[SourceVersionDate "2018.04.19"]
[SourceQuality "1"]

1. d4 Nf6 2. c4 e6 3. g3 d5 4. Nf3 Be7 5. Bg2 0-0 6. 0-0 dxc4 7. Qc2 b6 8. Bg5 Bb7 9. Bxf6 Bxf6 10. Ng5 Bxg5 11. Bxb7 Nd7 12. Bxa8 Qxa8 13. Qxc4 c5 14. Nc3 Bf6 15. dxc5 Nxc5 16. Rac1 a5 17. Rfd1 Qb7 18. b3 h5 19. Na4 Ne4 20. Qc6 Qxc6 21. Rxc6 b5 22. Nc5 Nc3 23. Rd2 Nb1 24. Rd3 Ra8 25. Ne4 b4 26. Nxf6+ gxf6 27. e3 Ra7 28. Rdd6 Nc3 29. a4 f5 30. Ra6 Rc7 31. Rxa5 Ne4 32. Rd4 h4 33. gxh4 Rc1+ 34. Kg2 Rc2 35. Rxe4 fxe4 36. Rb5 f5 37. Rxb4 Ra2 38. Kg3 Kf7 39. Rb5 Kf6 40. a5 e5 41. Rb6+ Kf7 42. a6 Ra1 43. Rb7+ Kf6 44. a7 Rg1+ 45. Kh3 Ra1 46. b4 f4 47. b5 Kf5 48. b6 fxe3 49. fxe3 Ra6 50. Rf7+ 1-0

[Event "Philadelphia op 12th"]
[Site "Philadelphia"]
[Date "2018.03.29"]
[Round "2"]
[White "Homa, Seth"]
[Black "Pedersen, Christian Kyndel"]
[Result "0-1"]
[WhiteElo "2247"]
[BlackElo "2405"]
[PlyCount "80"]
[EventDate "2018.03.28"]
[EventType "swiss"]
[EventRounds "9"]
[EventCountry "USA"]
[SourceTitle "CBM 183 Extra"]
[Source "ChessBase"]
[SourceDate "2018.04.19"]
[SourceVersion "1"]
[SourceVersionDate "2018.04.19"]
[SourceQuality "1"]

1. e4 c5 2. Nf3 d6 3. d4 cxd4 4. Nxd4 Nf6 5. Nc3 a6 6. Bg5 e6 7. f4 Nbd7 8. Qe2 Qc7 9. 0-0-0 b5 10. a3 Be7 11. Kb1 Bb7 12. g4 Rb8 13. Bxf6 Bxf6 14. g5 Bxd4 15. Rxd4 e5 16. Nd5 Bxd5 17. exd5 0-0 18. fxe5 Nxe5 19. Bh3 Qc5 20. Rhd1 b4 21. axb4 Rxb4 22. Rxb4 Qxb4 23. c3 Qc5 24. Rd4 Rb8 25. Kc1 g6 26. Bg2 Rb3 27. Ra4 a5 28. Kc2 Qb6 29. Ra2 a4 30. Be4 a3 31. bxa3 Rb1 32. Kd2 Rg1 33. Rc2 Qc5 34. a4 Nc4+ 35. Kd3 Rxg5 36. Ra2 Re5 37. Qf2 Qa5 38. Qf6 Qb6 39. Qf2 Qb1+ 40. Rc2 Na3 0-1

[Event "DEN-chT 1516 54th"]
[Site "Denmark"]
[Date "2016.03.06"]
[Round "9.4"]
[White "Pedersen, Christian Kyndel"]
[Black "Hector, Jonny"]
[Result "1-0"]
[WhiteElo "2418"]
[BlackElo "2493"]
[PlyCount "111"]
[EventDate "2015.10.31"]
[EventType "team-tourn"]
[EventRounds "9"]
[EventCountry "DEN"]
[SourceTitle "EXT 2017"]
[Source "ChessBase"]
[SourceDate "2016.10.25"]
[SourceVersion "1"]
[SourceVersionDate "2016.10.25"]
[SourceQuality "1"]
[WhiteTeam "Jetsmark"]
[BlackTeam "Nordkalotten"]
[WhiteTeamCountry "DEN"]
[BlackTeamCountry "DEN"]

1. d4 d5 2. c4 c6 3. Nf3 Nf6 4. Qc2 dxc4 5. Qxc4 Bg4 6. Nc3 Nbd7 7. e4 e5 8. Be3 Qa5 9. dxe5 Be6 10. Qa4 Qxa4 11. Nxa4 Nxe4 12. Bd3 Bb4+ 13. Ke2 Bd5 14. a3 Be7 15. Rac1 0-0 16. Bc4 Bxc4+ 17. Rxc4 f5 18. Rd1 Rfd8 19. Rcd4 Nf8 20. Rxd8 Bxd8 21. Nd4 g6 22. f3 Ng5 23. Nc5 Bb6 24. Nxb7 Bxd4 25. Rxd4 Nge6 26. Ra4 f4 27. Rxa7 Rb8 28. Bf2 Nd7 29. b4 Nxe5 30. Nc5 Nxc5 31. Bxc5 Rd8 32. Re7 Nc4 33. a4 Rd2+ 34. Ke1 Rxg2 35. Re2 Rg5 36. Re8+ Kf7 37. Re7+ Kg8 38. Re8+ Kf7 39. Re7+ Kg8 40. a5 Rxc5 41. bxc5 Nxa5 42. Rc7 g5 43. Kd1 h5 44. h3 Kf8 45. Rh7 g4 46. hxg4 hxg4 47. fxg4 Nb3 48. Rh5 f3 49. Ke1 Kg7 50. Kf2 Nd4 51. Ke3 Ne6 52. Kxf3 Kf6 53. Rh6+ Ke5 54. Rxe6+ Kxe6 55. Ke4 Kf6 56. Kf4 1-0

[Event "DEN-chT 1213"]
[Site "Denmark"]
[Date "2013.03.09"]
[Round "8.2"]
[White "Nilssen, John Arni"]
[Black "Pedersen, Christian Kyndel"]
[Result "0-1"]
[WhiteElo "2364"]
[BlackElo "2443"]
[PlyCount "182"]
[EventDate "2012.10.27"]
[EventType "team-tourn"]
[EventRounds "9"]
[EventCountry "DEN"]
[SourceTitle "EXT 2014"]
[Source "ChessBase"]
[SourceDate "2013.11.20"]
[SourceVersion "1"]
[SourceVersionDate "2013.11.20"]
[SourceQuality "1"]
[WhiteTeam "Valby K41"]
[BlackTeam "Jetsmark"]
[WhiteTeamCountry "DEN"]
[BlackTeamCountry "DEN"]

1. d4 Nf6 2. c4 e6 3. Nc3 Bb4 4. Qc2 0-0 5. a3 Bxc3+ 6. Qxc3 b6 7. Bg5 Bb7 8. f3 d5 9. e3 Nbd7 10. Nh3 Rc8 11. cxd5 exd5 12. Bd3 h6 13. Bh4 Qe7 14. 0-0 c5 15. Rfe1 cxd4 16. Qxd4 Ne5 17. Nf2 Qe6 18. Bf1 Rfe8 19. Bb5 Nfd7 20. Bg3 Nc6 21. Qd2 Nc5 22. Rad1 a6 23. Bxc6 Qxc6 24. Nd3 Nxd3 25. Qxd3 Qc2 26. Rd2 Qxd3 27. Rxd3 Rc2 28. Rb3 Re6 29. Rd1 a5 30. Bf2 Ba6 31. e4 dxe4 32. fxe4 Bb7 33. e5 Rxe5 34. Rxb6 Ree2 35. Rf1 Rxb2 36. Rxb2 Rxb2 37. Re1 Ra2 38. Re3 a4 39. h4 Bd5 40. Rg3 f6 41. Rd3 Be6 42. Bc5 h5 43. Rd4 Rc2 44. Bd6 Bd7 45. g3 Kf7 46. Kf1 Ke6 47. Bf8 Bb5+ 48. Kg1 Kf7 49. Bd6 Bc6 50. Kf1 Ke6 51. Bb8 Rc3 52. Kf2 Rf3+ 53. Ke1 Rb3 54. Bc7 Kf5 55. Bd6 g5 56. Kf2 Rf3+ 57. Ke2 Rb3 58. Kf2 Ke6 59. Bc7 Bd7 60. Rd6+ Ke7 61. Rd4 Rb2+ 62. Ke1 Rc2 63. Ba5 Ke6 64. Bd2 Rc5 65. Bb4 Re5+ 66. Kf2 Bb5 67. Bd6 Re2+ 68. Kg1 Bc6 69. Kf1 Re3 70. Kf2 Rf3+ 71. Ke2 Bd5 72. Bc5 Rxg3 73. Rxa4 Kf5 74. Bf2 Rh3 75. Ra5 Ke4 76. Ra4+ Kf5 77. Ra5 Ke6 78. Ra4 g4 79. Bd4 Rxh4 80. Ra6+ Kf5 81. Rxf6+ Ke4 82. Bf2 Rh3 83. Rh6 Bc4+ 84. Ke1 Rh1+ 85. Kd2 Kf3 86. Rf6+ Kg2 87. Rf4 Bd5 88. Bd4 Bf3 89. a4 h4 90. Be5 h3 91. Rf8 h2 0-1

[Event "DEN-ch"]
[Site "Helsingor"]
[Date "2012.04.02"]
[Round "3"]
[White "Pedersen, Christian Kyndel"]
[Black "Ziska, Helgi Dam"]
[Result "1-0"]
[WhiteElo "2416"]
[BlackElo "2456"]
[PlyCount "61"]
[EventDate "2012.03.31"]
[EventType "tourn"]
[EventRounds "9"]
[EventCountry "DEN"]
[EventCategory "9"]
[SourceTitle "CBM 147 Extra"]
[Source "ChessBase"]
[SourceDate "2012.04.24"]
[SourceVersion "1"]
[SourceVersionDate "2012.04.24"]
[SourceQuality "1"]

1. e4 c5 2. Nf3 d6 3. d4 cxd4 4. Nxd4 Nf6 5. Nc3 a6 6. Be3 e6 7. f3 b5 8. Qd2 Nbd7 9. g4 Nb6 10. a4 Nc4 11. Bxc4 bxc4 12. a5 Bb7 13. Na4 d5 14. g5 Nd7 15. 0-0-0 Qc7 16. exd5 Bxd5 17. Rhe1 Qb7 18. Nf5 Bxf3 19. Nd6+ Bxd6 20. Qxd6 Bxd1 21. Rxd1 Rc8 22. Nb6 Nxb6 23. axb6 Qe7 24. Bc5 Qxd6 25. Bxd6 f6 26. b7 Kf7 27. bxc8Q Rxc8 28. gxf6 gxf6 29. Bb4 Rg8 30. Rd7+ Kg6 31. Kd2 1-0

[Event "DEN-chT 1112 50th"]
[Site "Denmark"]
[Date "2012.03.10"]
[Round "8.3"]
[White "Pedersen, Daniel Vesterbaek"]
[Black "Pedersen, Christian Kyndel"]
[Result "0-1"]
[WhiteElo "2283"]
[BlackElo "2416"]
[PlyCount "84"]
[EventDate "2011.10.29"]
[EventType "team-tourn"]
[EventRounds "9"]
[EventCountry "DEN"]
[SourceTitle "EXT 2013"]
[Source "ChessBase"]
[SourceDate "2012.11.22"]
[SourceVersion "1"]
[SourceVersionDate "2012.11.22"]
[SourceQuality "1"]
[WhiteTeam "Nordkalotten"]
[BlackTeam "Jetsmark"]
[WhiteTeamCountry "DEN"]
[BlackTeamCountry "DEN"]

1. e4 c5 2. c3 Nf6 3. e5 Nd5 4. d4 cxd4 5. Nf3 e6 6. cxd4 d6 7. Bc4 Nc6 8. 0-0 Be7 9. Qe2 0-0 10. Nc3 dxe5 11. dxe5 Nxc3 12. bxc3 Qa5 13. Bd3 Rd8 14. Bd2 Bd7 15. Rfe1 Be8 16. h4 Qa4 17. h5 Rd7 18. Bg5 Qg4 19. Bxe7 Nxe7 20. h6 Nd5 21. Qf1 Nf4 22. Be4 gxh6 23. Nd4 Nh3+ 24. Kh2 Ng5 25. f4 Nxe4 26. Rxe4 Qh4+ 27. Kg1 Rc7 28. Rae1 Bc6 29. R4e3 Kh8 30. Rh3 Qg4 31. Ree3 Rg8 32. g3 Bd5 33. Kh2 Qg6 34. a3 a6 35. Rh4 Rgc8 36. Qe1 Rc4 37. g4 f5 38. exf6 Qxf6 39. f5 Rxc3 40. Rxc3 Rxc3 41. Nxe6 Bxe6 42. fxe6 Qf4+ 0-1

[Event "DEN-chT 1112 50th"]
[Site "Denmark"]
[Date "2011.10.30"]
[Round "2.4"]
[White "Pedersen, Christian Kyndel"]
[Black "Lindfeldt, Jan Magnus"]
[Result "1-0"]
[WhiteElo "2416"]
[BlackElo "2246"]
[PlyCount "107"]
[EventDate "2011.10.29"]
[EventType "team-tourn"]
[EventRounds "9"]
[EventCountry "DEN"]
[SourceTitle "EXT 2012"]
[Source "ChessBase"]
[SourceDate "2011.11.24"]
[SourceVersion "1"]
[SourceVersionDate "2011.11.24"]
[SourceQuality "1"]
[WhiteTeam "Jetsmark"]
[BlackTeam "Copenhagen 68"]
[WhiteTeamCountry "DEN"]
[BlackTeamCountry "DEN"]

1. d4 Nf6 2. c4 g6 3. Nc3 Bg7 4. e4 0-0 5. Nf3 d6 6. Be2 e5 7. 0-0 exd4 8. Nxd4 Re8 9. f3 Nc6 10. Be3 Nh5 11. Nd5 f5 12. Nb5 fxe4 13. f4 Re7 14. Bxh5 gxh5 15. Nxe7+ Qxe7 16. f5 Bxb2 17. f6 Bxf6 18. Nxc7 Bxa1 19. Nxa8 Bg7 20. Qxh5 Be6 21. c5 dxc5 22. Bxc5 Qd8 23. Nc7 Bc4 24. Rd1 Qc8 25. Ne8 Ne5 26. Nc7 Nd3 27. Rf1 Nxc5 28. Rc1 Bd4+ 29. Kh1 b5 30. Nxb5 Nd3 31. Nxd4 Nxc1 32. Qg5+ Kf7 33. Qxc1 Kg6 34. h3 Qa6 35. a3 Bd5 36. Qf4 Qxa3 37. Qf5+ Kg7 38. Qg5+ Kf8 39. Qd8+ Kg7 40. Qg5+ Kf8 41. Qd8+ Kg7 42. Nf5+ Kg6 43. Nh4+ Kg7 44. Nf5+ Kg6 45. Qxd5 Qc1+ 46. Kh2 Qf4+ 47. Ng3 e3 48. Qc6+ Kg5 49. Qc5+ Kg6 50. Qxa7 Qe5 51. Qa6+ Kf7 52. Qe2 h5 53. Qf3+ Ke6 54. Qxh5 1-0

[Event "DEN-chT 1011 49th"]
[Site "Denmark"]
[Date "2011.01.30"]
[Round "6.2"]
[White "Pedersen, Christian Kyndel"]
[Black "Kolbak, Jens"]
[Result "1-0"]
[WhiteElo "2435"]
[BlackElo "2295"]
[PlyCount "89"]
[EventDate "2010.11.06"]
[EventType "team-tourn"]
[EventRounds "9"]
[EventCountry "DEN"]
[SourceTitle "EXT 2012"]
[Source "ChessBase"]
[SourceDate "2011.11.24"]
[SourceVersion "1"]
[SourceVersionDate "2011.11.24"]
[SourceQuality "1"]
[WhiteTeam "Jetsmark"]
[BlackTeam "Norresundby"]
[WhiteTeamCountry "DEN"]
[BlackTeamCountry "DEN"]

1. e4 c6 2. d4 d5 3. Nc3 dxe4 4. Nxe4 Nf6 5. Nxf6+ exf6 6. c3 Bd6 7. Bd3 0-0 8. Qc2 g6 9. Ne2 Qc7 10. h4 Bg4 11. f3 Be6 12. h5 f5 13. Bh6 Re8 14. hxg6 fxg6 15. 0-0-0 Qf7 16. g4 f4 17. Qd2 Bxa2 18. Nxf4 Nd7 19. Nh3 Bd5 20. Ng5 Bf4 21. Nxf7 Bxd2+ 22. Rxd2 Bxf7 23. Rdh2 a5 24. Bf4 Nf8 25. Bd6 Rad8 26. Bxf8 Kxf8 27. Rxh7 Re3 28. Be4 Re2 29. Rh8+ Ke7 30. Rxd8 Kxd8 31. Rh8+ Ke7 32. Ra8 Kd6 33. Rxa5 b5 34. Ra7 Bd5 35. Rg7 Bxe4 36. fxe4 Rxe4 37. Rxg6+ Kd5 38. Kc2 Re2+ 39. Kb3 Rg2 40. Rg8 b4 41. Rg5+ Kd6 42. c4 Rd2 43. Rg6+ Kd7 44. Kxb4 Rxd4 45. Kc5 1-0

[Event "DEN-chT 1011 49th"]
[Site "Denmark"]
[Date "2011.01.15"]
[Round "4.2"]
[White "Pedersen, Christian Kyndel"]
[Black "Matthiesen, Martin"]
[Result "0-1"]
[WhiteElo "2435"]
[BlackElo "2271"]
[PlyCount "56"]
[EventDate "2010.11.06"]
[EventType "team-tourn"]
[EventRounds "9"]
[EventCountry "DEN"]
[SourceTitle "EXT 2012"]
[Source "ChessBase"]
[SourceDate "2011.11.24"]
[SourceVersion "1"]
[SourceVersionDate "2011.11.24"]
[SourceQuality "1"]
[WhiteTeam "Jetsmark"]
[BlackTeam "Copenhagen 68"]
[WhiteTeamCountry "DEN"]
[BlackTeamCountry "DEN"]

1. Nf3 Nf6 2. c4 e6 3. Nc3 d5 4. d4 Be7 5. Bg5 0-0 6. e3 Nbd7 7. Rc1 c6 8. Bd3 dxc4 9. Bxc4 Nd5 10. Bxe7 Qxe7 11. 0-0 Nxc3 12. Rxc3 e5 13. Bb3 exd4 14. exd4 Nf6 15. Re1 Qd6 16. Ne5 Be6 17. Bxe6 fxe6 18. Qb3 Rab8 19. Rc4 Nd7 20. Rb4 b5 21. Nxc6 Qxc6 22. Rxe6 Qa8 23. Re7+ Kh8 24. Qg3 Rg8 25. Rxd7 Qe4 26. f4 Qb1+ 27. Kf2 Qc2+ 28. Kf3 Qc6+ 0-1

[Event "DEN-chT 0910 48th"]
[Site "Denmark"]
[Date "2010.03.14"]
[Round "9.3"]
[White "Pedersen, Christian Kyndel"]
[Black "Olsen, Nils Linde"]
[Result "0-1"]
[WhiteElo "2452"]
[BlackElo "2256"]
[PlyCount "110"]
[EventDate "2009.11.07"]
[EventType "team-tourn"]
[EventRounds "9"]
[EventCountry "DEN"]
[SourceTitle "EXT 2023"]
[Source "ChessBase"]
[SourceDate "2022.10.05"]
[SourceVersion "1"]
[SourceVersionDate "2022.10.05"]
[SourceQuality "1"]
[WhiteTeam "Jetsmark"]
[BlackTeam "Naestved"]
[WhiteTeamCountry "DEN"]
[BlackTeamCountry "DEN"]

1. e4 c5 2. Nf3 Nc6 3. d4 cxd4 4. Nxd4 Nf6 5. Nc3 d6 6. Bg5 e6 7. Qd2 Be7 8. 0-0-0 0-0 9. f4 Nxd4 10. Qxd4 Qa5 11. Bc4 Bd7 12. e5 dxe5 13. fxe5 Bc6 14. Bd2 Nd7 15. Nd5 Qd8 16. Nxe7+ Qxe7 17. Rde1 Qc5 18. Qf4 Rac8 19. Bd3 a5 20. c3 Qd5 21. Bb1 Nc5 22. Re3 f5 23. exf6 Rxf6 24. Qh4 Rh6 25. Qg3 Rh5 26. Re2 Bb5 27. Rf2 Nd3+ 28. Bxd3 Bxd3 29. Qf3 Bg6 30. Qxd5 exd5 31. Be3 Be4 32. h3 Rf5 33. Rxf5 Bxf5 34. Bd4 Be4 35. Re1 a4 36. Kd2 b5 37. Be5 Rf8 38. Ke3 g6 39. g3 Rf3+ 40. Ke2 Kf7 41. h4 Ke6 42. Bf4 a3 43. b4 Rxc3 44. Rc1 d4 45. Rxc3 dxc3 46. Bc1 Kd5 47. Bxa3 Kc4 48. g4 Bb1 49. Kd1 Bxa2 50. Kc2 Bb3+ 51. Kb1 Bd1 52. g5 Kb3 53. Bc1 Kxb4 54. Bf4 Kc4 55. Kc1 Bg4 0-1